SUBALTERN STUDIES IX (Record no. 21557)

MARC details
000 -LEADER
fixed length control field 00298nam a2200121Ia 4500
008 - FIXED-LENGTH DATA ELEMENTS--GENERAL INFORMATION
fixed length control field 240624s9999 xx 000 0 und d
041 ## - LANGUAGE CODE
Language code of text/sound track or separate title eng
082 ## - DEWEY DECIMAL CLASSIFICATION NUMBER
Classification number 900 AMI
100 ## - MAIN ENTRY--PERSONAL NAME
Personal name AMIN SHAHID
245 ## - TITLE STATEMENT
Title SUBALTERN STUDIES IX
260 ## - PUBLICATION, DISTRIBUTION, ETC.
Date of publication, distribution, etc. 2007
Place of publication, distribution, etc. New Delhi
Name of publisher, distributor, etc. Oxford
300 ## - PHYSICAL DESCRIPTION
Extent x, : 284 : p. : cm. ; 21
Holdings
Withdrawn status Lost status Damaged status Not for loan Home library Current library Shelving location Date acquired Total Checkouts Full call number Barcode Date last seen Date last checked out Price effective from Koha item type
        IMTN IMTN Rack 43-B 07/22/2013 1 900 AMI 21557 10/16/2025 10/08/2025 06/24/2024 Books
Designed & Maintained by: LRC IMT Nagpur Contact: lrc@imtnag.ac.in© 2024. All Rights Reserved.